Online Catalogue and eLibrary

Health (Record no. 5175)

MARC details
000 -LEADER
fixed length control field 00368nam a2200157Ia 4500
005 - DATE AND TIME OF LATEST TRANSACTION
control field 20250701164505.0
008 - FIXED-LENGTH DATA ELEMENTS--GENERAL INFORMATION
fixed length control field 240331s9999 xx 000 0 und d
020 ## - INTERNATIONAL STANDARD BOOK NUMBER
ISBN 9536101608
082 ## - DDC Classification
Item Number - Author Mark THA
Class No. 613
100 ## - MAIN ENTRY--PERSONAL NAME
Personal name Thambavita,R
245 #0 - TITLE STATEMENT
Title Health
260 ## - PUBLICATION, DISTRIBUTION, ETC.
Place of publication, distribution, etc. Padukka
Name of publisher, distributor, etc. Government Printing Corporation
Date of publication, distribution, etc. 2003
300 ## - PHYSICAL DESCRIPTION
Extent (e.g. Volumes, Pages etc.) 160 p .,
650 ## - SUBJECT ADDED ENTRY--TOPICAL TERM
Topical term or geographic name entry element Health
942 ## - Koha item type (Biblio)
Koha item type Books in Stacks (Lending)
Holdings
Lost status Damaged status Collection code Home library Current library Shelving location Date acquired Full call number Accession Number Item type
    Lending WERC Library WERC Library Social Science Cupboard 03/31/2024 613 THA 5896 Books in Stacks (Lending)

© WERC Library